| 000 | 00881nam a22002297a 4500 | ||
|---|---|---|---|
| 999 |
_c1098 _d1098 |
||
| 003 | AR-CdUCM | ||
| 008 | 190226b ||||| |||| 00| 0 spa d | ||
| 020 | _a8489290237 | ||
| 040 |
_aMUNICIPALIDAD PROVINCIAL DEL CUSCO _cBIBLIOTECA MUNICIPAL DEL CUSCO |
||
| 082 |
_a261 / _bG85 |
||
| 100 |
_aGuallart, Jose Maria _94275 |
||
| 245 | _aGrupos Nativos en los Territorios Eclesiásticos de Latinoamerica / | ||
| 260 |
_aLima : _bCAAAP, _c1992. |
||
| 300 |
_a80 paginas ; _b90 mapas _c28 cm. |
||
| 505 | _aTerritorios eclesiásticos -- Grupos nativos según territorios eclesiásticos -- Grupos nativos por naciones -- Indice general de etnias -- Grupos lingüísticos por naciones... | ||
| 650 |
_aEtnias tribales _94276 |
||
| 650 |
_aMisiones _9900 |
||
| 650 |
_aVicarios Apostolicos _94277 |
||
| 650 |
_aEvangelizacion _94278 |
||
| 942 |
_2ddc _cLIBROS |
||
| 945 |
_awnts _d2019-02-26 |
||